LEADER 01075nam a2200277 i 4500 001 000000159866 003 CaOOAMICUS 005 20070306000000.0 008 070306s1976 it u000 u ita u 013 $a137229 040 $aSeMil$bita 100 1 $aPallis, Marcos.$0(OLS)http://semarc/name/42038 245 13$aIl loto e la croce /$cMarcos Pallis ; Traduzione dall'inglese di Elsa Codronchi Torelli. 260 $aMilano :$bRusconi,$c1976. 300 $a233 p. ;$c19 cm. 490 0 $aProblemi attuali 500 $aFondo Card. Giovanni Colombo. 650 4$aCristianesimo e Buddismo.$0(OLS)http://semarc/subject/4844 700 1 $aCodroncini Torelli, Elsa.$0(OLS)http://semarc/name/20640 830 0$aProblemi attuali.$0(OLS)http://semarc/title/7307 850 $aSeMil 852 $aSeMil$W1$xVenegono$y1$m1D II 193$j111384$B111384$CSeMilBibl$Z2$F121142 $81 941 1 $a3 961 $aLascito: Colombo Card. Giovanni 996 $6245$aIl loto e la croce$9(OLS)http://semarc/title/142161 996 $6260$aMilano :$bRusconi$9(OLS)http://semarc/publisher/30258 LEADER 00639naa a2200145 i 4500 001 000000301880 003 CaOOAMICUS 005 20180831172730.0 008 180831n xx u000 u und u 013 $a9613 040 $aSeMil$bita 100 1 $aCicalese, Maria Luisa.$0(OLS)http://semarc/name/86680 245 14$aGli intellettuali alla ricerca di un ruolo sulla scena internazio ero, Brunello Vigezzi. Milano :$bMarzorati, copyr. 1990. 773 0 $t1945-50.$z88-280-0065-1$w()35781 996 $6245$aGli intellettuali alla ricerca di un ruolo sulla scena internazio ero, Brunello Vigezzi. Milano :$bMarzorati, copyr. 1990.$9(OLS)http://semarc/title/377866